LDR 01008naa#a2200205#i#450# 001 RU\\bibl\118136 005 20260703074537.5 011 ## _a2073-8080 100 ## _a20260121b2026####ek#y0rusy0150####ca 101 0# _aRUS 102 ## _aRU 200 1# _aЦифровой «якорь»: концептуальная модель использования блокчейн-технологии для управления медицинскими данными вынужденных мигрантов (беженцев) _eЖурнальная статья 210 1# _aМосква _cГосударственное учреждение Объединенная редакция МВД России _d2026 215 ## _a3 с. 608 ## _aЖурнальная статья _2local 700 #1 _aКрайнюков _gПавел Евгеньевич 700 #1 _aТОЛСТОШЕЕВ _gВ. Н. 700 #1 _aГУЗЕЕВ _gР. Н. 700 #1 _aЛЕМЕШКИН _gРОМАН НИКОЛАЕВИЧ 856 4# _avestnikmvd.editorum.ru _u